Záujmovou zónou je konečne aj stredé Slovensko
Hlavné príčiny slabého záujmu zahraničných investorov o stredné Slovensko. Investície na obzore. Záujem investorov, ktorí vyhľadávajú menšie sídla. Vhodné priestory na vybudovanie priemyselných parkov. Rokovania so zahraničnými investormi. Investície v drevárskom priemysle. Možnosti cestovného ruchu...
Salvato in:
| Autore principale: | |
|---|---|
| Natura: | Capitolo di libro |
| Lingua: | slovacco |
| Soggetti: | |
| Tags: |
Nessun Tag, puoi essere il primo ad aggiungerne!!
|
MARC
| LEADER | 00000naa$a2200000$$$4500 | ||
|---|---|---|---|
| 001 | 0027429 | ||
| 005 | 20231009070158.1 | ||
| 041 | 0 | |a slo | |
| 044 | |a SK | ||
| 245 | 1 | 0 | |a Záujmovou zónou je konečne aj stredé Slovensko |c Peter Farárik |
| 520 | |a Hlavné príčiny slabého záujmu zahraničných investorov o stredné Slovensko. Investície na obzore. Záujem investorov, ktorí vyhľadávajú menšie sídla. Vhodné priestory na vybudovanie priemyselných parkov. Rokovania so zahraničnými investormi. Investície v drevárskom priemysle. Možnosti cestovného ruchu. | ||
| 610 | 2 | 0 | |a investície zo zahraničia |
| 610 | 2 | 0 | |a spolupráca medzinárodná |
| 610 | 2 | 0 | |a rozvoj hospodársky |
| 610 | 2 | 0 | |a regióny |
| 610 | 2 | 0 | |a infraštruktúra |
| 610 | 2 | 0 | |a odvetvia priemyselné |
| 610 | 2 | 0 | |a ruch cestovný |
| 610 | 2 | 0 | |a Slovensko |
| 100 | 1 | |a Farárik, Peter | |